000 00349nam a22001337a 4500
008 250423b |||||||| |||| 00| 0 eng d
020 _a9780291695
050 _aHD9696
_b.I64
100 _aWOHEREM, Evans E.
245 _aInformation Technology in The Nig. Bank Industry
260 _aU.S.A
_bSpectrum Books
_c2000
300 _axvi, 264
942 _cBK
999 _c3118
_d3118